00932nam a2200241Ia 4500003000900000008004100009040001300050040001300063041000800076100002100084100001000105245003200115250001100147260001500158260000900173300001000182490000600192600027300198700001500471942000700486999001100493952018600504IT-RoPAU120407s9999 xx 000 0 und d aIT-RoPAU cIT-RoPAU aita aJoseph Ratzinger ccoll. aPiccola dogmatica cattolica aAssisi aCittadella c1981 c19 cm v1 a"1° introduzione alla teologia dogmatica. 2° Il mistero di Dio. 3° Il mondo come Creazione. 4° Il mistero di Cristo. 5° Il Vangelo della grazia. 6° Il mistero dell’Eucarestia. 7° I Sacramenti della Chiesa. 8° La Chiesa. 9° Escatologia: Morte e Vita Eterna " aJonam Auer cBK c98d98 00102ddc406230_200000000000000_4971aPAULUSbPAULUSd2012-04-11l0o230.2.49r2012-04-11 00:00:00w2012-04-11yBKzInserito da: In data: n.d. fondo: Via A.Severo 56 Progr:29092